| 000 | 00987nam a22002657a 4500 | ||
|---|---|---|---|
| 003 | DO-SdBNP | ||
| 005 | 20250502093208.0 | ||
| 007 | ta | ||
| 008 | 211123b2019 dr ac||| |||| 00| 0 spa d | ||
| 040 |
_aDO-SdBNP _bspa _cBNPHU |
||
| 082 | 4 |
_axxx _bxxx _222 |
|
| 100 | 1 |
_aCastillo, Julia _911261 |
|
| 245 | 1 | 0 |
_aColor, vida y folklore : _bCasandra Damirón / _cJulia Castillo, Dagoberto Tejeda Ortiz, José E. Rivera Damirón |
| 246 | 1 | 0 |
_aExposición colectiva color, vida y forclore : _bCasandra Damirón |
| 260 |
_aSanto Domingo : _bFundación Casandra Damirón, _bCentro Cultural Perelló _c2019. |
||
| 300 |
_a37 p. : _bil., retrs. ; _c22 cm. |
||
| 500 | _aEn el 100 aniversario de su natalicio. | ||
| 590 | _aInventariado, 2022 / YL | ||
| 600 | 0 |
_aDamirón, Casandra, _d1919-1983 _934233 |
|
| 650 | 1 | 4 |
_aArtistas dominicanos _xBiografias _934234 |
| 700 | 1 |
_aTejeda Ortiz, Dagoberto _934235 |
|
| 700 | 1 |
_aRivera Damirón, José E. _934236 |
|
| 910 | _aYLockward | ||
| 942 |
_2ddc _cLF2 |
||
| 999 |
_c51870 _d51870 |
||